Normal view MARC view
  • Johnson, Robert A.

Entry Personal Name

Number of records used in: 1

001 - CONTROL NUMBER

  • control field: 104225

003 - CONTROL NUMBER IDENTIFIER

  • control field: NUST

005 - DATE AND TIME OF LATEST TRANSACTION

  • control field: 20221206122509.0

008 - FIXED-LENGTH DATA ELEMENTS

  • fixed length control field: 221206|| aca||aabn | a|a d

040 ## - CATALOGING SOURCE

  • Original cataloging agency: NUST
  • Transcribing agency: NUST

100 ## - HEADING--PERSONAL NAME

  • Personal name: Johnson, Robert A.

670 ## - SOURCE DATA FOUND

  • Source citation: Work cat.: (NUST)182079: Johnson, Robert A.,, Mechanical Filters in Electronics /, c1983.
© 2023 Central Library, National University of Sciences and Technology. All Rights Reserved.